000 00710 a2200193 4500
001 136613
020 _a9788522454044
040 _cLeonardo Da Vinci
041 _aPortuguês
_aPortuguês
082 _a343.04 F12d
_bF12d
100 _aFABRETTI, Láudio Camargo
245 _aDireito tributário aplicado
_bimpostos e contribuições das empresas
250 _a2.ed
260 _bAtlas
_c2009
_aSão Paulo
300 _a314
362 _a20090000
697 _aDireito
_aDireito tributário
_aLegislação
_aLeis
_aImpostos
_aTributação
_aCrédito tributário
_aExtinção de crédito tributário
_aICMS
_aIPI
_aISS
_aPIS
_aCOFINS
_aImposto de renda
_aLucro
_aSimples
_aContabilidade tributária
_aFIPEN
942 _cBK
999 _c136613
_d136613